|
|
|
|
| LEADER |
00000nab a2200000 a 4500 |
| 001 |
vtls000673292 |
| 003 |
SK-MaSNL |
| 005 |
20260302190727.0 |
| 008 |
160314c xo 0 slo |
| 015 |
|
|
|a SNBRB1998/09-27160
|
| 035 |
|
|
|a CLN000025468
|
| 040 |
|
|
|a SNKBUCL
|b slo
|c SNKBUCL
|e AACR2
|
| 041 |
0 |
|
|a slo
|
| 044 |
|
|
|a xo
|c SK
|
| 080 |
|
|
|a 885.0-1(087.5)
|2 UDC-MRF-SK2
|
| 100 |
1 |
|
|a Noha, Jan,
|d 1908-1966
|4 aut
|9 101862
|
| 245 |
1 |
0 |
|a Kropiace auto ; Trolejbus ; Nákladniak
|c J[a]n Noha ; ilustrovala Martina Matlovičová ; preložila Jarmila Štítnická
|
| 650 |
0 |
7 |
|a rečňovanky české
|2 snkbucl
|9 690467
|
| 700 |
1 |
|
|a Matlovičová-Králová, Martina,
|d 1975-
|4 ill
|9 202531
|
| 700 |
1 |
|
|a Štítnická, Jarmila,
|d 1924-1980
|4 trl
|9 103780
|
| 773 |
0 |
|
|t Superohník
|g Č. 1 (1998-99), s. 12
|
| 850 |
|
|
|a Slovenská národná knižnica v Martine
|
| 852 |
|
|
|a SNK
|b KIS3GCP
|
| 958 |
|
|
|a LX
|
| 958 |
|
|
|a CZ
|
| 958 |
|
|
|a RBX
|
| 999 |
|
|
|c 1434621
|d 1436551
|